000 00654nam a2200205Ii 4500
003 JO-AjNU
008 230605s9999||||xx |||||||||||||| ||und||
040 _aJO-AjNU
_bara
_erda
_cJO-AjNU
041 _aara
050 1 4 _aHM33 1984
100 3 _aهيلان، رزق الله,
_eauthor
_937566
245 0 0 _aباقة منزلية : خواطر في السياسة والمجتمع
250 _aط1
264 3 1 _aدمشق: مكتبة ودار ميسلون، 1984
300 _a228ص
336 _atext
_btxt
_2rdacontent
337 _aunmediated
_bn
_2rdamedia
338 _avolume
_bnc
_2rdacarrier
650 4 _aالسياسة والمجتمع
_937567
999 _aA15707
_c19275
_d19275